000 00357nam a2200157 i 4500
001 bg
100 1 _aRAMM, H.
245 0 0 _aPraktische Baustatik.
_nT.4 /
_cH. Ramm, W. Wagner.
250 _aWyd.2.
260 _aStuttgart,
_c1968.
700 1 _aWAGNER, W.
040 _cBPK
041 _apol
942 _cKS
008 s pl f |000 0 pol
999 _c12381
_d12381
856 _uhttp://koha.tu.koszalin.pl/cgi-bin/koha/opac-detail.pl?biblionumber=12381
_yKatalog online BPK